|
|
|
|
| LEADER |
02045nam a22005535i 4500 |
| 001 |
978-0-306-46944-2 |
| 003 |
DE-He213 |
| 005 |
20151204143208.0 |
| 007 |
cr nn 008mamaa |
| 008 |
100301s2002 ne | s |||| 0|eng d |
| 020 |
|
|
|a 9780306469442
|9 978-0-306-46944-2
|
| 024 |
7 |
|
|a 10.1007/0-306-46944-8
|2 doi
|
| 040 |
|
|
|d GrThAP
|
| 050 |
|
4 |
|a QC173.96-174.52
|
| 072 |
|
7 |
|a PHQ
|2 bicssc
|
| 072 |
|
7 |
|a SCI057000
|2 bisacsh
|
| 082 |
0 |
4 |
|a 530.12
|2 23
|
| 100 |
1 |
|
|a Avery, John.
|e author.
|
| 245 |
1 |
0 |
|a Hyperspherical Harmonics and Generalized Sturmians
|h [electronic resource] /
|c by John Avery.
|
| 264 |
|
1 |
|a Dordrecht :
|b Springer Netherlands,
|c 2002.
|
| 300 |
|
|
|a VIII, 196 p.
|b online resource.
|
| 336 |
|
|
|a text
|b txt
|2 rdacontent
|
| 337 |
|
|
|a computer
|b c
|2 rdamedia
|
| 338 |
|
|
|a online resource
|b cr
|2 rdacarrier
|
| 347 |
|
|
|a text file
|b PDF
|2 rda
|
| 490 |
1 |
|
|a Progress in Theoretical Chemistry and Physics,
|x 1567-7354 ;
|v 4
|
| 505 |
0 |
|
|a Many-particle Sturmians -- Momentum-space Wave Functions -- Hyperspherical Harmonics -- The Momentum-space Wave Equation -- Many-center Potentials -- Iteration of the Wave Equation -- Molecular Sturmians -- Relativistic Effects.
|
| 650 |
|
0 |
|a Physics.
|
| 650 |
|
0 |
|a Physical chemistry.
|
| 650 |
|
0 |
|a Special functions.
|
| 650 |
|
0 |
|a Quantum physics.
|
| 650 |
|
0 |
|a Nuclear physics.
|
| 650 |
|
0 |
|a Heavy ions.
|
| 650 |
|
0 |
|a Hadrons.
|
| 650 |
|
0 |
|a Atoms.
|
| 650 |
1 |
4 |
|a Physics.
|
| 650 |
2 |
4 |
|a Quantum Physics.
|
| 650 |
2 |
4 |
|a Atomic, Molecular, Optical and Plasma Physics.
|
| 650 |
2 |
4 |
|a Physical Chemistry.
|
| 650 |
2 |
4 |
|a Nuclear Physics, Heavy Ions, Hadrons.
|
| 650 |
2 |
4 |
|a Special Functions.
|
| 710 |
2 |
|
|a SpringerLink (Online service)
|
| 773 |
0 |
|
|t Springer eBooks
|
| 776 |
0 |
8 |
|i Printed edition:
|z 9780792360872
|
| 830 |
|
0 |
|a Progress in Theoretical Chemistry and Physics,
|x 1567-7354 ;
|v 4
|
| 856 |
4 |
0 |
|u http://dx.doi.org/10.1007/0-306-46944-8
|z Full Text via HEAL-Link
|
| 912 |
|
|
|a ZDB-2-CMS
|
| 912 |
|
|
|a ZDB-2-BAE
|
| 950 |
|
|
|a Chemistry and Materials Science (Springer-11644)
|